| 000 | 005330000a22001810004500 | ||
|---|---|---|---|
| 999 |
_c17961 _d17961 |
||
| 005 | 20181114132737.0 | ||
| 010 | _aENG-84657, B-228734 | ||
| 020 | _c80.00 (pbk) | ||
| 035 | _aEN-68190, B-228734 | ||
| 082 | _a954.02 | ||
| 100 | _aOjha, Sunita | ||
| 245 |
_aComprehensive History: _bmedieval India / _cby Sunita Ojha; edited by N N Ojha |
||
| 260 |
_aNew Delhi _bChronicle Books _c2007 |
||
| 300 |
_apt 2(293p) _c22cm |
||
| 700 | _aOjha, N N | ||
| 942 |
_2ddc _cEN _h954.02 _mCOM |
||